[Event "X C.to Italiano U20"]
[Site "Bratto - Castione della Presolana ITA"]
[Date "2002.08.26"]
[Round "7"]
[White "Waldner, Mirko"]
[Black "Retter, Martin"]
[Result "1-0"]
[WhiteElo "1636"]
[BlackElo "1807"]
[PlyCount "68"]
[EventDate "2002.08.20"]

1.d4 e6 2.c4 c5 3.Nf3 Nf6 4.Nc3 cxd4 5.Nxd4 d5 6.Bf4 Nc6 7.Nxc6 bxc6 8.e3 
Qb6 9.Qc2 Bd7 10.Be2 Be7 11.O-O O-O 12.Rfd1 Rad8 13.Be5 Bc8 14.Rd4 c5 15.
Rd2 dxc4 16.Bxc4 Rxd2 17.Qxd2 Nd7 18.Bg3 Qb4 19.Be2 Bf6 20.a3 Bxc3 21.bxc3
Qa5 22.Bd3 Nf6 23.Qb2 Ba6 24.Bxa6 Qxa6 25.Rd1 Qa4 26.Rd3 Qc4 27.Qc2 Ne4 
28.Bf4 g5 29.Be5 f6 30.Bg3 Nxg3 31.hxg3 Rf7 32.Rd6 Rb7 33.Kh2 Rb3 34.Rd8+ 
Kg7 1-0

[Event "X C.to Italiano U20"]
[Site "Bratto - Castione della Presolana ITA"]
[Date "2002.08.27"]
[Round "8"]
[White "Arcion, Riccardo"]
[Black "Frilli, Guido"]
[Result "1/2-1/2"]
[WhiteElo "1825"]
[BlackElo "1750"]
[PlyCount "59"]
[EventDate "2002.08.20"]

1.d4 d5 2.c4 c6 3.cxd5 cxd5 4.Nc3 Nc6 5.Nf3 Nf6 6.g3 g6 7.Bg2 Bg7 8.O-O 
O-O 9.Ne5 e6 10.Nxc6 bxc6 11.e3 Ba6 12.Re1 Rc8 13.Qa4 Qb6 14.b4 Bb5 15.Qc2
a5 16.a3 Ra8 17.Bd2 axb4 18.axb4 Nd7 19.f4 Qb7 20.Nxb5 cxb5 21.Bf1 Nf6 22.
Qb2 Ne4 23.Ra5 Nd6 24.Rea1 Nc4 25.Bxc4 dxc4 26.Kf2 Rfc8 27.Bc3 Bf8 28.Qa3 
Rxa5 29.Qxa5 Qe4 30.Qa2 1/2-1/2

[Event "X C.to Italiano U20"]
[Site "Bratto - Castione della Presolana ITA"]
[Date "2002.08.27"]
[Round "8"]
[White "Bartolini, Marco"]
[Black "Navarro, Tommaso"]
[Result "1/2-1/2"]
[WhiteElo "1618"]
[BlackElo "1567"]
[PlyCount "95"]
[EventDate "2002.08.20"]

1.d4 Nf6 2.Nf3 d5 3.Bg5 e6 4.Nbd2 Be7 5.e3 O-O 6.Bd3 Nfd7 7.Bxe7 Qxe7 8.e4
c5 9.c3 Nc6 10.O-O c4 11.Bc2 b5 12.e5 f6 13.exf6 Nxf6 14.Re1 a5 15.Ne5 
Nxe5 16.Rxe5 Bd7 17.Nf3 Be8 18.Qe2 Bf7 19.Ng5 Rfe8 20.Bf5 Nd7 21.Bxh7+ Kf8
22.Nxf7 Qxf7 23.Rg5 Ke7 24.Rg3 Rh8 25.Bc2 Rh6 26.Qg4 Rg8 27.Re1 g5 28.Rh3 
Nf6 29.Qg3 Rxh3 30.Qxh3 Rf8 31.Qg3 Kd7 32.h3 b4 33.Qxg5 Ne4 34.Qe3 Nxf2 
35.Re2 Nd3 36.Bxd3 cxd3 37.Rf2 Qe7 38.Rxf8 Qxf8 39.Qxd3 bxc3 40.Qb5+ Kc8 
41.Qc6+ Kb8 42.Qxc3 Qf4 43.b4 a4 44.g4 Qe4 45.a3 Qb1+ 46.Kh2 Qa2+ 47.Kg1 
Qb3 48.Qc6 1/2-1/2

[Event "X C.to Italiano U20"]
[Site "Bratto - Castione della Presolana ITA"]
[Date "2002.08.27"]
[Round "8"]
[White "Bonarrigo, Marco"]
[Black "Bracali, Andrea"]
[Result "1/2-1/2"]
[WhiteElo "1699"]
[BlackElo "1488"]
[PlyCount "92"]
[EventDate "2002.08.20"]

1.e4 e6 2.d4 d5 3.e5 c5 4.c3 Nc6 5.Be3 Qb6 6.Qd2 Bd7 7.Nf3 Nh6 8.Be2 Nf5 
9.O-O Rc8 10.dxc5 Bxc5 11.Bxc5 Qxc5 12.Na3 a6 13.Rac1 O-O 14.Nc2 f6 15.
exf6 Rxf6 16.Ncd4 Nfxd4 17.cxd4 Qd6 18.Rc3 Rcf8 19.Rb3 Bc8 20.Re1 Rh6 21.
g3 Rhf6 22.Re3 Bd7 23.a3 Be8 24.Rf1 Bg6 25.Ne5 Bf5 26.f4 Bh3 27.Rc1 g5 28.
fxg5 Rf2 29.Nf3 Rg2+ 30.Kh1 Rf2 31.Qe1 Bg2+ 32.Kg1 R2xf3 33.Bxf3 Bxf3 34.
Rxe6 Qd7 35.Rf6 Re8 36.Qf2 Be4 37.Rf1 Qe7 38.Rf7 Qd6 39.Rg7+ Kh8 40.Rxb7 
Bg6 41.Rb6 Kg8 42.Rxa6 Qd7 43.Rb6 Bd3 44.Re1 Rf8 45.Qd2 Nxd4 46.Qxd3 Nf3+ 
1/2-1/2

[Event "X C.to Italiano U20"]
[Site "Bratto - Castione della Presolana ITA"]
[Date "2002.08.27"]
[Round "8"]
[White "Braschi, Giancarlo"]
[Black "Di Caro, Calogero"]
[Result "1-0"]
[WhiteElo "2124"]
[BlackElo "1912"]
[PlyCount "76"]
[EventDate "2002.08.20"]

1.d4 g6 2.c4 Bg7 3.e4 c5 4.d5 d6 5.Nf3 e6 6.Bd3 Nf6 7.Nc3 O-O 8.h3 Na6 9.
O-O e5 10.Bg5 h6 11.Be3 Ne8 12.Qd2 Kh7 13.Nh2 f5 14.f4 b6 15.Rae1 Rb8 16.
a3 Rb7 17.fxe5 dxe5 18.exf5 gxf5 19.g4 e4 20.Bc2 Nd6 21.Qe2 Bxc3 22.bxc3 
Rg7 23.Kh1 fxg4 24.hxg4 Rxf1+ 25.Rxf1 Qh4 26.Bf2 Qh3 27.Bxe4+ Kg8 28.Bf3 
Bd7 29.Rg1 Nc7 30.Qe5 Nce8 31.Qe2 Nf7 32.Rg3 Qh4 33.Rg1 Qf6 34.Rc1 Ne5 35.
Bg2 Nd6 36.Rf1 Ndxc4 37.Bxc5 Qg6 38.Rf8+ Kh7 1-0

[Event "X C.to Italiano U20"]
[Site "Bratto - Castione della Presolana ITA"]
[Date "2002.08.27"]
[Round "8"]
[White "Buchicchio, Giampaolo"]
[Black "Brunello, Sabino"]
[Result "1/2-1/2"]
[WhiteElo "2188"]
[BlackElo "1957"]
[PlyCount "39"]
[EventDate "2002.08.20"]

1.e4 e5 2.Nf3 Nc6 3.d4 exd4 4.Nxd4 Bc5 5.Be3 Qf6 6.c3 Nge7 7.Bc4 Ne5 8.Be2
Qg6 9.O-O d6 10.Kh1 Qxe4 11.Nd2 Qg6 12.Bh5 Bg4 13.Bxg6 Bxd1 14.Bxf7+ Kxf7 
15.Raxd1 a6 16.Ne4 Bb6 17.Ng5+ Kf6 18.Ne4+ Kf7 19.Ng5+ Kf6 20.Ne4+ 1/2-1/2

[Event "X C.to Italiano U20"]
[Site "Bratto - Castione della Presolana ITA"]
[Date "2002.08.27"]
[Round "8"]
[White "Buchicchio, Giancarlo"]
[Black "Pulito, Alberto"]
[Result "1/2-1/2"]
[WhiteElo "1825"]
[BlackElo "2032"]
[PlyCount "73"]
[EventDate "2002.08.20"]

1.e4 e6 2.d4 d5 3.e5 c5 4.c3 Qb6 5.Nf3 Nc6 6.Bd3 Bd7 7.O-O Rc8 8.Qe2 cxd4 
9.cxd4 Nb4 10.Nc3 Nxd3 11.Qxd3 Bb4 12.Rd1 Ne7 13.Be3 h6 14.Bd2 O-O 15.a3 
Bxc3 16.Bxc3 Bb5 17.Qd2 Nc6 18.b3 a5 19.Rab1 Qa6 20.Rb2 a4 21.bxa4 Bxa4 
22.Rdb1 b5 23.h3 Nb8 24.Nh2 Rc6 25.Bb4 Rfc8 26.Ng4 Kh7 27.Qd3+ Kh8 28.Qe3 
Kh7 29.Bd2 Bc2 30.Ra1 Bg6 31.Nxh6 Rc2 32.Rxc2 Rxc2 33.Ng4 Nd7 34.Qg5 Qc8 
35.Qh4+ Kg8 36.Bg5 Bh7 37.Rb1 1/2-1/2

[Event "X C.to Italiano U20"]
[Site "Bratto - Castione della Presolana ITA"]
[Date "2002.08.27"]
[Round "8"]
[White "Buchicchio, Roberto"]
[Black "Chinello, Gianmarco"]
[Result "0-1"]
[WhiteElo "1645"]
[BlackElo "1636"]
[PlyCount "64"]
[EventDate "2002.08.20"]

1.e4 e5 2.f4 exf4 3.Nf3 g5 4.Bc4 d6 5.O-O Be6 6.Bxe6 fxe6 7.c3 e5 8.Qb3 
Nd7 9.Qe6+ Qe7 10.Nxg5 Nc5 11.Qxe7+ Bxe7 12.d4 Bxg5 13.dxc5 dxc5 14.g3 
O-O-O 15.gxf4 exf4 16.Bxf4 h6 17.Na3 Ne7 18.Bxg5 hxg5 19.Nc2 Rd2 20.Rf2 
Rxf2 21.Kxf2 Rxh2+ 22.Ke3 Rxc2 23.Rb1 Nc6 24.Kd3 Rg2 25.a3 g4 26.b3 Rg3+ 
27.Kd2 Ne5 28.Rf1 Rd3+ 29.Kc2 Rf3 30.Rg1 g3 31.c4 Rf2+ 32.Kc3 g2 0-1

[Event "X C.to Italiano U20"]
[Site "Bratto - Castione della Presolana ITA"]
[Date "2002.08.27"]
[Round "8"]
[White "Cappai, Davide"]
[Black "Kidane, Robel"]
[Result "1-0"]
[WhiteElo "1774"]
[BlackElo "1770"]
[PlyCount "59"]
[EventDate "2002.08.20"]

1.e4 e5 2.Nf3 Nc6 3.Bc4 Bc5 4.c3 Nf6 5.d4 exd4 6.e5 d5 7.b4 Bf8 8.exf6 
dxc4 9.b5 Na5 10.Qxd4 Qxd4 11.Nxd4 Bd7 12.O-O O-O-O 13.Be3 gxf6 14.Nd2 Rg8
15.Rfd1 c5 16.bxc6 Nxc6 17.Nxc4 Ne5 18.Nd2 b6 19.a4 Be7 20.Rdb1 Kb7 21.a5 
Ng4 22.Bf4 Ne5 23.N2b3 Nc4 24.Nd2 Rc8 25.Ne4 f5 26.Ng3 Rg4 27.axb6 Rxf4 
28.Rxa7+ Kb8 29.Rxd7 Bc5 30.b7 1-0

[Event "X C.to Italiano U20"]
[Site "Bratto - Castione della Presolana ITA"]
[Date "2002.08.27"]
[Round "8"]
[White "Costantini, Roberto"]
[Black "Waldner, Mirko"]
[Result "1-0"]
[WhiteElo "2340"]
[BlackElo "1636"]
[PlyCount "63"]
[EventDate "2002.08.20"]

1.e4 e6 2.d4 d5 3.Nc3 Nf6 4.Bg5 Be7 5.e5 Nfd7 6.Bxe7 Qxe7 7.f4 c5 8.Nb5 
Kd8 9.dxc5 Qxc5 10.Qd2 Nc6 11.Nf3 Nb6 12.a3 a5 13.O-O-O Rb8 14.Kb1 Bd7 15.
f5 h6 16.c4 Rf8 17.cxd5 Nxd5 18.Rc1 Qe3 19.Qd1 Rc8 20.Bc4 Nce7 21.Nd6 Rc7 
22.Re1 Qb6 23.Qd2 Rc5 24.f6 gxf6 25.Qxh6 Ng6 26.Nxf7+ Rxf7 27.Qxg6 Be8 28.
Bxd5 Rxd5 29.exf6 Rc7 30.Qg8 Rd6 31.Rxc7 Qxc7 32.Rc1 1-0

[Event "X C.to Italiano U20"]
[Site "Bratto - Castione della Presolana ITA"]
[Date "2002.08.27"]
[Round "8"]
[White "Damia, Angelo"]
[Black "Bove, Alessandro"]
[Result "1/2-1/2"]
[WhiteElo "1888"]
[BlackElo "1815"]
[PlyCount "69"]
[EventDate "2002.08.20"]

1.Nf3 Nc6 2.Nd4 Ne5 3.Nf5 Nc4 4.Nh4 Na5 5.Nf3 Nc6 6.Ng1 Nb8 7.e4 e5 8.Bc4 
Nf6 9.Nc3 Bc5 10.Nf3 Nc6 11.d3 d6 12.Bg5 Na5 13.Bb3 Nxb3 14.axb3 c6 15.Na4
Bb4+ 16.Bd2 Ba5 17.Bxa5 Qxa5+ 18.Qd2 Qc7 19.Nc3 Bg4 20.Qe3 a6 21.h3 Bd7 
22.d4 exd4 23.Qxd4 O-O-O 24.O-O-O Rhe8 25.Rhe1 Be6 26.e5 dxe5 27.Qxe5 
Rxd1+ 28.Nxd1 Bd5 29.Qxc7+ Kxc7 30.Rxe8 Nxe8 31.Ne1 f5 32.Kd2 Nf6 33.Ke3 
g5 34.c4 Bf7 35.Nc3 1/2-1/2

[Event "X C.to Italiano U20"]
[Site "Bratto - Castione della Presolana ITA"]
[Date "2002.08.27"]
[Round "8"]
[White "Hellweger, Stefan"]
[Black "Buchicchio, Alessandro"]
[Result "0-1"]
[WhiteElo "1488"]
[BlackElo "1707"]
[PlyCount "106"]
[EventDate "2002.08.20"]

1.e4 Nf6 2.Nc3 d5 3.exd5 Nxd5 4.Nxd5 Qxd5 5.c4 Qa5 6.Be2 Nc6 7.Nf3 Bf5 8.
O-O O-O-O 9.a3 Bd3 10.Bxd3 Rxd3 11.Qc2 Rd6 12.Rb1 Qh5 13.b4 g5 14.Qf5+ Re6
15.d4 Qg6 16.Qxg6 Rxg6 17.d5 Nd8 18.Ne5 Rg7 19.Be3 f6 20.Nd3 e6 21.Rfd1 h5
22.Nc5 e5 23.Rd3 f5 24.Ne6 Nxe6 25.dxe6 f4 26.Bxa7 b6 27.c5 Kb7 28.cxb6 
cxb6 29.Rd7+ Rxd7 30.exd7 Be7 31.Re1 Bd6 32.Rd1 Bc7 33.Rc1 Rd8 34.a4 Rxd7 
35.Bxb6 Kxb6 36.Kf1 Rd4 37.a5+ Kb7 38.a6+ Kb6 39.a7 Rd8 40.b5 Ra8 41.Rc6+ 
Kb7 42.Rg6 Bd8 43.Rg7+ Kb6 44.Ke2 Kxb5 45.Kd3 Kb6 46.Ke4 Rxa7 47.Rxa7 Kxa7
48.Kxe5 h4 49.g3 hxg3 50.hxg3 fxg3 51.fxg3 Kb6 52.g4 Kc5 53.Ke4 Kc4 0-1

[Event "X C.to Italiano U20"]
[Site "Bratto - Castione della Presolana ITA"]
[Date "2002.08.27"]
[Round "8"]
[White "Lain, Luigi"]
[Black "Mazzilli, Piero"]
[Result "1-0"]
[WhiteElo "2160"]
[BlackElo "2242"]
[PlyCount "67"]
[EventDate "2002.08.20"]

1.d4 d5 2.c4 e6 3.Nc3 c6 4.Bf4 dxc4 5.a4 Bb4 6.e3 b5 7.axb5 cxb5 8.Qf3 Qd5
9.Qg3 Qf5 10.Qxg7 Qc2 11.Ne2 Qxb2 12.Rc1 Bxc3+ 13.Rxc3 b4 14.Rxc4 Ba6 15.
Rc7 Nd7 16.Qxh8 Nf6 17.Qg7 Rc8 18.Qxf7+ Kd8 19.Qf8+ Ne8 20.Rxc8+ Bxc8 21.
Bg5+ Kd7 22.Qc5 Nd6 23.Bf4 Ne4 24.Qc7+ Ke8 25.Qxc8+ Kf7 26.Qc1 Qa2 27.f3 
Nef6 28.Qc7+ Ne7 29.Nc1 Qa3 30.Bd3 b3 31.Qc5 Qa1 32.O-O b2 33.Nb3 Qa2 34.
Qc2 1-0

[Event "X C.to Italiano U20"]
[Site "Bratto - Castione della Presolana ITA"]
[Date "2002.08.27"]
[Round "8"]
[White "Lo Curto, Emanuele"]
[Black "Ferro, Mario"]
[Result "0-1"]
[WhiteElo "2084"]
[BlackElo "2191"]
[PlyCount "118"]
[EventDate "2002.08.20"]

1.e4 c5 2.Nf3 a6 3.c4 d6 4.d4 cxd4 5.Nxd4 e5 6.Nc2 f5 7.exf5 Bxf5 8.Nc3 
Nf6 9.Ne3 Be6 10.Ned5 Nc6 11.Be3 Bxd5 12.Nxd5 Nxd5 13.Qxd5 Nb4 14.Qe4 Qc7 
15.a3 d5 16.Qf5 d4 17.Bg5 Nc6 18.Bd3 Be7 19.h4 g6 20.Qe4 Bxg5 21.hxg5 Qe7 
22.O-O-O Qxg5+ 23.f4 Qxf4+ 24.Qxf4 exf4 25.Bxg6+ Ke7 26.Bxh7 Kd6 27.Rh6+ 
Kc7 28.Rdh1 Rad8 29.Be4 Rxh6 30.Rxh6 Ne5 31.Bd5 b5 32.b3 bxc4 33.bxc4 Rd6 
34.Rh5 Ng4 35.Rh7+ Kb6 36.Rb7+ Ka5 37.Bf3 Ne5 38.c5 Nd3+ 39.Kd2 Nxc5 40.
Rf7 Ka4 41.Rxf4 Kxa3 42.g4 d3 43.Bd1 a5 44.Rc4 Rd5 45.Kc3 a4 46.Rf4 d2 47.
g5 Rxg5 48.Kxd2 Rd5+ 49.Kc2 Nb3 50.Bg4 Rc5+ 51.Kd3 Rc7 52.Bh5 Kb2 53.Rf2+ 
Kb1 54.Rf1+ Nc1+ 55.Kd4 a3 56.Bf7 Kb2 57.Rf2+ Rc2 58.Rxc2+ Kxc2 59.Kc5 Kc3
0-1

[Event "X C.to Italiano U20"]
[Site "Bratto - Castione della Presolana ITA"]
[Date "2002.08.27"]
[Round "8"]
[White "Longo, Aldo"]
[Black "Longo, Luigi"]
[Result "0-1"]
[WhiteElo "1575"]
[BlackElo "1678"]
[PlyCount "74"]
[EventDate "2002.08.20"]

1.e4 e6 2.d4 d5 3.exd5 exd5 4.Bd3 Bd6 5.Nf3 Nf6 6.O-O O-O 7.Bg5 Bg4 8.Nbd2
Nbd7 9.Re1 c6 10.c3 Qc7 11.Qc2 Rfe8 12.h3 Bh5 13.Rxe8+ Rxe8 14.Re1 Rxe1+ 
15.Nxe1 Bf4 16.Bxf4 Qxf4 17.g3 Qd6 18.Nef3 c5 19.Kg2 c4 20.Bf5 Qa6 21.b3 
b5 22.Nf1 Nb6 23.Ne5 Qb7 24.Ne3 Nc8 25.g4 Bg6 26.Bxg6 hxg6 27.f3 Ne7 28.h4
Nh7 29.Kh3 Nf8 30.f4 f6 31.Nf3 Qd7 32.Kg3 Qd6 33.Ng2 Ne6 34.Qd2 Nc6 35.Qc2
Kf7 36.Qc1 a6 37.Qc2 Na5 0-1

[Event "X C.to Italiano U20"]
[Site "Bratto - Castione della Presolana ITA"]
[Date "2002.08.27"]
[Round "8"]
[White "Mogranzini, Roberto"]
[Black "Bertagnolli, Alexander"]
[Result "1/2-1/2"]
[WhiteElo "2149"]
[BlackElo "2294"]
[PlyCount "75"]
[EventDate "2002.08.20"]

1.e4 g6 2.d4 Bg7 3.Nc3 c6 4.Bc4 d5 5.exd5 b5 6.Bb3 b4 7.Nce2 cxd5 8.Bd2 
Nc6 9.Ba4 Qb6 10.a3 Nf6 11.axb4 O-O 12.c3 Ne4 13.Be3 a5 14.b5 Na7 15.Nf3 
Bd7 16.O-O Bxb5 17.Bxb5 Qxb5 18.Ra2 Nc8 19.Qc2 Nb6 20.Rfa1 Rfc8 21.Bf4 e6 
22.Ne1 Bf8 23.f3 Nd6 24.b3 Nb7 25.Nd3 Ra6 26.Ne5 Bd6 27.h4 Bxe5 28.Bxe5 
Nd7 29.Bf4 Rb6 30.Ra3 h5 31.Bg3 Kg7 32.Qd2 Rbc6 33.Kh2 Qb6 34.Qd3 Qd8 35.
Qb5 Qb6 36.Qd3 Qd8 37.Qb5 Qb6 38.Qd3 1/2-1/2

[Event "X C.to Italiano U20"]
[Site "Bratto - Castione della Presolana ITA"]
[Date "2002.08.27"]
[Round "8"]
[White "Napoli, Nicolo'"]
[Black "Navarro, Stefano"]
[Result "0-1"]
[WhiteElo "1902"]
[BlackElo "2122"]
[PlyCount "92"]
[EventDate "2002.08.20"]

1.e4 e5 2.Nf3 Nc6 3.Bb5 f5 4.d4 fxe4 5.Nxe5 Nxe5 6.dxe5 c6 7.Nc3 cxb5 8.
Nxe4 d5 9.exd6 Nf6 10.Bg5 Qa5+ 11.Nc3 b4 12.Bxf6 gxf6 13.Nd5 Bxd6 14.Nxf6+
Ke7 15.Nd5+ Kd8 16.O-O Qc5 17.Re1 Rf8 18.Qd2 Bd7 19.a3 Bc6 20.Nxb4 Kc7 21.
Nxc6 bxc6 22.b4 Qf5 23.Rad1 Rad8 24.Qe3 Kb7 25.g3 Rf7 26.c4 Bc7 27.c5 Rfd7
28.Rxd7 Rxd7 29.a4 Rd3 30.Qe2 Rb3 31.Qc4 Rb2 32.Rf1 Qd5 33.Qxd5 cxd5 34.b5
d4 35.Rd1 Be5 36.Re1 d3 37.Kg2 d2 38.Rd1 Bc3 39.Kf3 Rb4 40.Ke2 Rxa4 41.Kd3
Ba5 42.c6+ Kc7 43.Kc2 Rd4 44.Kb2 Rb4+ 45.Kc2 Rxb5 46.Ra1 Kb6 0-1

[Event "X C.to Italiano U20"]
[Site "Bratto - Castione della Presolana ITA"]
[Date "2002.08.27"]
[Round "8"]
[White "Nardelli, Marco"]
[Black "Bevilacqua, Andrea"]
[Result "1-0"]
[WhiteElo "1821"]
[BlackElo "1500"]
[PlyCount "41"]
[EventDate "2002.08.20"]

1.e4 e6 2.d4 d5 3.Nc3 Nf6 4.Bg5 Be7 5.e5 Nfd7 6.h4 a6 7.Qg4 Bxg5 8.hxg5 c5
9.g6 f5 10.Qh5 h6 11.Nf3 Rg8 12.O-O-O c4 13.Bxc4 Qa5 14.Bxd5 exd5 15.Qxf5 
Rf8 16.Qe6+ Kd8 17.Nxd5 Nc6 18.Qd6 Qxa2 19.e6 Qa1+ 20.Kd2 Qa5+ 21.b4 1-0

[Event "X C.to Italiano U20"]
[Site "Bratto - Castione della Presolana ITA"]
[Date "2002.08.27"]
[Round "8"]
[White "Piscopo, Pierluigi"]
[Black "Bentivegna, Francesco"]
[Result "1/2-1/2"]
[WhiteElo "2289"]
[BlackElo "2120"]
[PlyCount "72"]
[EventDate "2002.08.20"]

1.d4 Nf6 2.Nf3 c5 3.c4 cxd4 4.Nxd4 e5 5.Nb5 d5 6.cxd5 Bc5 7.e3 O-O 8.N5c3 
e4 9.Nd2 Bf5 10.Nb3 Bd6 11.Be2 Nbd7 12.Nd4 Bg6 13.O-O a6 14.f4 exf3 15.
gxf3 Nxd5 16.Nxd5 Qg5+ 17.Kh1 Qxd5 18.Nb5 Qxd1 19.Rxd1 axb5 20.Rxd6 Nc5 
21.e4 Nb3 22.Rb1 Nxc1 23.Rxc1 Rxa2 24.Rc2 Raa8 25.Bxb5 Rac8 26.Rcd2 f6 27.
Kg2 Rc7 28.Kf2 Rfc8 29.Bd7 Rb8 30.b4 Kf8 31.b5 Rd8 32.b6 Rc3 33.Ba4 Rxd6 
34.Rxd6 Rc4 35.Bb5 Rc8 36.Ba4 Rc4 1/2-1/2

[Event "X C.to Italiano U20"]
[Site "Bratto - Castione della Presolana ITA"]
[Date "2002.08.27"]
[Round "8"]
[White "Retter, Martin"]
[Black "Trazzi, Enrico"]
[Result "1-0"]
[WhiteElo "1807"]
[BlackElo "1500"]
[PlyCount "25"]
[EventDate "2002.08.20"]

1.c4 e5 2.g3 Nf6 3.Bg2 Nc6 4.Nc3 Bc5 5.e3 d6 6.Nge2 Be6 7.d4 exd4 8.exd4 
Nxd4 9.Nxd4 Bxc4 10.Qa4+ b5 11.Ncxb5 Qe7+ 12.Be3 Bb4+ 13.Nc3+ 1-0

[Event "X C.to Italiano U20"]
[Site "Bratto - Castione della Presolana ITA"]
[Date "2002.08.27"]
[Round "8"]
[White "Rodella, Tommaso"]
[Black "Castellano, Fabio Marco"]
[Result "0-1"]
[WhiteElo "1573"]
[BlackElo "1600"]
[PlyCount "32"]
[EventDate "2002.08.20"]

1.d4 Nf6 2.c4 g6 3.Nc3 Bg7 4.e4 d6 5.Nf3 O-O 6.Be2 Nbd7 7.O-O e5 8.Be3 Ng4
9.Qd2 Nxe3 10.Qxe3 c6 11.d5 Qc7 12.Rac1 Nf6 13.Nd2 h6 14.f4 Ng4 15.Qg3 
exf4 16.Qxf4 Be5 0-1

[Event "X C.to Italiano U20"]
[Site "Bratto - Castione della Presolana ITA"]
[Date "2002.08.27"]
[Round "8"]
[White "Vocaturo, Daniele"]
[Black "Berni, Giorgio"]
[Result "0-1"]
[WhiteElo "2101"]
[BlackElo "2198"]
[PlyCount "72"]
[EventDate "2002.08.20"]

1.e4 c5 2.Nf3 d6 3.d4 cxd4 4.Nxd4 Nf6 5.Nc3 e6 6.Be3 a6 7.f3 Nc6 8.Qd2 Be7
9.O-O-O O-O 10.g4 Nxd4 11.Bxd4 b5 12.h4 Bb7 13.Kb1 Rc8 14.g5 Nd7 15.g6 
fxg6 16.h5 gxh5 17.Rxh5 e5 18.Be3 Rxc3 19.Qxc3 Rxf3 20.Be2 Bxe4 21.Bxf3 
Bxf3 22.Bb6 Qa8 23.Rf1 Bxh5 24.Qh3 Qe8 25.Be3 Bf8 26.Qg2 Qe6 27.Qc6 Bf7 
28.b3 d5 29.Qa8 d4 30.Bc1 Qd6 31.Qa7 d3 32.Qf2 dxc2+ 33.Kxc2 Bg6+ 34.Kb2 
Nc5 35.Ka1 Nd3 36.Qe3 Nb4 0-1

[Event "X C.to Italiano U20"]
[Site "Bratto - Castione della Presolana ITA"]
[Date "2002.08.28"]
[Round "9"]
[White "Bentivegna, Francesco"]
[Black "Lain, Luigi"]
[Result "0-1"]
[WhiteElo "2120"]
[BlackElo "2160"]
[PlyCount "110"]
[EventDate "2002.08.20"]

1.e4 e5 2.Nf3 Nc6 3.d4 exd4 4.Bc4 Nf6 5.e5 d5 6.Bb5 Ne4 7.Nxd4 Bd7 8.Bxc6 
Bxc6 9.Nxc6 bxc6 10.O-O Bc5 11.Nd2 Nxd2 12.Bxd2 O-O 13.Qg4 Re8 14.Rae1 Qc8
15.Qh5 Re6 16.Kh1 Qa6 17.f4 Rae8 18.Qg4 Qc4 19.b3 Qxc2 20.f5 Rxe5 21.Rxe5 
Rxe5 22.f6 Bf8 23.fxg7 Qxd2 24.gxf8=Q+ Kxf8 25.h3 Qe2 26.Rf3 Qe1+ 27.Kh2 
Re6 28.Rf5 Qe4 29.Rf4 Qe5 30.Kh1 Rg6 31.Qf3 Rg7 32.Qf2 h6 33.Rf5 Qa1+ 34.
Kh2 Qc3 35.Rf6 d4 36.Rxh6 d3 37.Qe3 Rg6 38.Rxg6 fxg6 39.Qh6+ Kf7 40.Qf4+ 
Ke6 41.Qg4+ Kd5 42.Qf3+ Kc5 43.Qf8+ Kd5 44.Qf7+ Kd6 45.Qxg6+ Kc5 46.Qg5+ 
Kb4 47.Qe7+ c5 48.Qxc7 d2 49.Qc6 Qe5+ 50.Kg1 d1=Q+ 51.Kf2 Qd2+ 52.Kg1 
Qee1+ 53.Kh2 Qf4+ 54.g3 Qff2+ 55.Qg2 Qeg1# 0-1

[Event "X C.to Italiano U20"]
[Site "Bratto - Castione della Presolana ITA"]
[Date "2002.08.28"]
[Round "9"]
[White "Bertagnolli, Alexander"]
[Black "Di Caro, Calogero"]
[Result "1-0"]
[WhiteElo "2294"]
[BlackElo "1912"]
[PlyCount "41"]
[EventDate "2002.08.20"]

1.Nf3 Nf6 2.g3 b5 3.Bg2 Bb7 4.d4 e6 5.O-O c5 6.c3 Qb6 7.Bg5 Be7 8.a4 bxa4 
9.Qc2 Bc6 10.dxc5 Qb7 11.Rxa4 Bxa4 12.Qxa4 Qc6 13.Qb3 Qxc5 14.Bxf6 Nc6 15.
Bxg7 Rg8 16.Bd4 Qh5 17.Nbd2 Rb8 18.Qc2 f6 19.h4 e5 20.Be3 d6 21.Qa4 1-0

[Event "X C.to Italiano U20"]
[Site "Bratto - Castione della Presolana ITA"]
[Date "2002.08.28"]
[Round "9"]
[White "Bonagura, Stefano"]
[Black "Bevilacqua, Andrea"]
[Result "1/2-1/2"]
[WhiteElo "1521"]
[BlackElo "1500"]
[PlyCount "45"]
[EventDate "2002.08.20"]

1.d4 f5 2.c4 e6 3.Nf3 Nf6 4.a3 d5 5.c5 c6 6.Nc3 Nbd7 7.Bf4 Be7 8.e3 O-O 9.
Qa4 Ne4 10.h4 Ndf6 11.Nxe4 fxe4 12.Ne5 Nh5 13.g3 Nxf4 14.exf4 Bf6 15.Bh3 
Bxe5 16.fxe5 Qe7 17.O-O Bd7 18.Qc2 a5 19.Rae1 Be8 20.Qd1 Bg6 21.Re3 Rab8 
22.Rb3 Rfc8 23.Rb6 1/2-1/2

[Event "X C.to Italiano U20"]
[Site "Bratto - Castione della Presolana ITA"]
[Date "2002.08.28"]
[Round "9"]
[White "Bove, Alessandro"]
[Black "Nardi, Marco"]
[Result "1-0"]
[WhiteElo "1815"]
[BlackElo "1690"]
[PlyCount "77"]
[EventDate "2002.08.20"]

1.e4 e5 2.Nf3 Nf6 3.Nxe5 d6 4.Nxf7 Kxf7 5.d4 Qe8 6.Nc3 Kg8 7.Bc4+ Be6 8.
Be2 Bf7 9.O-O Nbd7 10.Qd3 c5 11.d5 Bg6 12.f3 a6 13.g4 h6 14.h4 Qe5 15.Kg2 
Re8 16.Be3 b5 17.Qd2 b4 18.Nd1 a5 19.Bf4 Qe7 20.Ne3 Nb6 21.Bb5 Rb8 22.Rae1
Nbd7 23.Bxd7 Qxd7 24.Bg3 Re8 25.Nc4 Ra8 26.e5 dxe5 27.Nxe5 Qe8 28.h5 Bf7 
29.d6 Qd8 30.Nxf7 Kxf7 31.Qe2 Kg8 32.Qe6+ Kh7 33.Qf5+ Kg8 34.Re6 Ra7 35.
Qxc5 Rd7 36.Rd1 Ne8 37.Qc4 Rf7 38.d7 Nf6 39.Bc7 1-0

[Event "X C.to Italiano U20"]
[Site "Bratto - Castione della Presolana ITA"]
[Date "2002.08.28"]
[Round "9"]
[White "Bracali, Andrea"]
[Black "Hellweger, Stefan"]
[Result "1/2-1/2"]
[WhiteElo "1488"]
[BlackElo "1488"]
[PlyCount "82"]
[EventDate "2002.08.20"]

1.Nf3 Nc6 2.d4 d5 3.g3 g6 4.Bg2 Bg7 5.O-O e6 6.Nbd2 Nge7 7.c4 dxc4 8.Nxc4 
Nxd4 9.Nxd4 Qxd4 10.Qb3 Rb8 11.Be3 Qf6 12.Bxa7 Ra8 13.Be3 c6 14.Nd6+ Kf8 
15.Nxc8 Rxc8 16.Qxb7 Qxb2 17.Rab1 Qxb7 18.Rxb7 Nd5 19.Bc5+ Kg8 20.Rfb1 Bf6
21.Ra7 Be5 22.Rbb7 Rc7 23.e4 Rxb7 24.Rxb7 Nc3 25.f4 Bf6 26.e5 Bd8 27.Rb8 
Kg7 28.a3 Nd5 29.a4 Ba5 30.Rxh8 Kxh8 31.Bxd5 cxd5 32.Kf2 Kg7 33.Be7 h5 34.
Ke2 Bb6 35.h3 Ba5 36.Kd3 Be1 37.g4 Ba5 38.Kc2 Bb6 39.Kb3 Be3 40.Bg5 hxg4 
41.hxg4 Kf8 1/2-1/2

[Event "X C.to Italiano U20"]
[Site "Bratto - Castione della Presolana ITA"]
[Date "2002.08.28"]
[Round "9"]
[White "Braschi, Giancarlo"]
[Black "Buchicchio, Giampaolo"]
[Result "1/2-1/2"]
[WhiteElo "2124"]
[BlackElo "2188"]
[PlyCount "27"]
[EventDate "2002.08.20"]

1.d4 d5 2.c4 c6 3.Nf3 Nf6 4.Nc3 a6 5.a4 e6 6.Bg5 Nbd7 7.e3 Qa5 8.Nd2 Bb4 
9.Qc2 O-O 10.Bh4 e5 11.dxe5 Ne4 12.Ncxe4 dxe4 13.O-O-O Nxe5 14.Nxe4 
1/2-1/2

[Event "X C.to Italiano U20"]
[Site "Bratto - Castione della Presolana ITA"]
[Date "2002.08.28"]
[Round "9"]
[White "Brunello, Sabino"]
[Black "Berni, Giorgio"]
[Result "1/2-1/2"]
[WhiteElo "1957"]
[BlackElo "2198"]
[PlyCount "26"]
[EventDate "2002.08.20"]

1.e4 c5 2.d4 cxd4 3.c3 Nf6 4.e5 Nd5 5.Nf3 e6 6.cxd4 d6 7.Bc4 Nd7 8.Bxd5 
exd5 9.O-O dxe5 10.dxe5 Nb6 11.Bg5 Be7 12.Bxe7 Qxe7 13.Nc3 Be6 1/2-1/2

[Event "X C.to Italiano U20"]
[Site "Bratto - Castione della Presolana ITA"]
[Date "2002.08.28"]
[Round "9"]
[White "Buchicchio, Alessandro"]
[Black "Arcion, Riccardo"]
[Result "1/2-1/2"]
[WhiteElo "1707"]
[BlackElo "1825"]
[PlyCount "67"]
[EventDate "2002.08.20"]

1.d4 d5 2.c4 e6 3.Nf3 c6 4.e3 Nf6 5.Bd3 Nbd7 6.O-O Be7 7.Nc3 O-O 8.Qc2 Re8
9.Ne5 dxc4 10.Nxd7 Bxd7 11.Bxc4 Nd5 12.Nxd5 exd5 13.Be2 Bf6 14.Bd2 Qb6 15.
Qb3 Qxb3 16.axb3 a6 17.Bb4 Bf5 18.Bc5 Be7 19.b4 Bxc5 20.bxc5 h6 21.b4 Rad8
22.Rfd1 Re7 23.Bd3 Bxd3 24.Rxd3 f5 25.g3 Kf7 26.Kg2 Ke6 27.h4 h5 28.Re1 
Kd7 29.Re2 Rde8 30.Rdd2 Kc7 31.Kg1 g6 32.Kg2 Re4 33.Kg1 R8e7 34.Kg2 
1/2-1/2